Click All 77 Districts of Nepal on Map - Statistics

General Stats
  • This quiz has been taken 39 times
  • The average score is 17 of 77
Answers on the Map
Answers color-coded by a green-red scale on the quiz's map according to % correct below.
 
Answer Stats
Answer % Correct
Humla
57%
Bhaktapur
50%
Lalitpur
50%
Baglung
43%
Bajhang
43%
Khotang
43%
Bara
36%
Darchula
36%
Gulmi
36%
Jhapa
36%
Jumla
36%
Kathmandu
36%
Nawalparasi East
36%
Parbat
36%
Rasuwa
36%
Tanahun
36%
Udayapur
36%
Dang
29%
Doti
29%
Gorkha
29%
Ilam
29%
Kavre Palanchowk
29%
Mahottari
29%
Okhaldhunga
29%
Parsa
29%
Rolpa
29%
Baitadi
21%
Banke
21%
Chitwan
21%
Dadeldhura
21%
Dhanusha
21%
Dolakha
21%
Dolpa
21%
Kailali
21%
Kanchanpur
21%
Makwanpur
21%
Manang
21%
Morang
21%
Mugu
21%
Mustang
21%
Nawalparasi West
21%
Salyan
21%
Sarlahi
21%
Sindhupalchowk
21%
Achham
14%
Argakhanchi
14%
Bajura
14%
Bhojpur
14%
Dhadhing
14%
Kaski
14%
Lamjung
14%
Myagdi
14%
Palpa
14%
Pyuthan
14%
Ramechhap
14%
Rukum East
14%
Saptari
14%
Surkhet
14%
Taplejung
14%
Bardiya
7%
Dailekh
7%
Dhankuta
7%
Jajarkot
7%
Kapilvastu
7%
Nuwakot
7%
Panchthar
7%
Rautahat
7%
Rukum West
7%
Rupandehi
7%
Sankhuwasabha
7%
Sindhuli
7%
Siraha
7%
Solukhumbu
7%
Sunsari
7%
Syangja
7%
Terhathum
7%
Kalikot
0%
No matching quizzes found
Score Distribution
Percent of People with Each Score
Percentile by Number Answered
Your Score History
You have not taken this quiz